[Event "FRM Cup 11th"]
[Site "Stip"]
[Date "2002.05.09"]
[Round "2"]
[White "Mitkov, Marjan"]
[Black "Peckov, Kiril"]
[Result "1-0"]
[WhiteElo "2391"]
[BlackElo "2242"]
[PlyCount "106"]
[EventDate "2002.05.08"]
[EventType "team-tourn"]
[EventRounds "5"]
[EventCountry "MKD"]
[SourceTitle "CBM 088 Extra"]
[Source "ChessBase"]
[SourceDate "2002.07.01"]
[SourceVersion "2"]
[SourceVersionDate "2002.07.01"]
[SourceQuality "1"]

1. d4 Nf6 2. c4 d6 3. Nc3 Nbd7 4. Nf3 e5 5. Bg5 Be7 6. e3 0-0 7. Be2 h6 8. Bh4 c6 9. 0-0 g5 10. Bg3 Nh5 11. dxe5 Nxg3 12. hxg3 dxe5 13. Qc2 g4 14. Nd2 Nf6 15. Nde4 Nxe4 16. Qxe4 Qd6 17. Rfd1 Qe6 18. c5 Bxc5 19. Qc2 Be7 20. Ne4 Kg7 21. Nc5 Qf6 22. Nd7 Bxd7 23. Rxd7 Rfd8 24. Rxb7 h5 25. Rd1 Rxd1+ 26. Bxd1 h4 27. Qe4 hxg3 28. Qxg4+ Kf8 29. Qxg3 a5 30. Bf3 Rd8 31. Qg4 c5 32. Rc7 Qb6 33. Qh5 Qf6 34. Rc6 Qg7 35. Be4 Rd2 36. Rc8+ Rd8 37. Qf5 Qf6 38. Qxf6 Bxf6 39. Rxc5 Rd1+ 40. Kh2 Rd2 41. Kg3 Rxb2 42. Rxa5 Bd8 43. Ra8 Ke7 44. a4 Bc7 45. Kf3 Ke6 46. g4 Ra2 47. Ra6+ Ke7 48. Bd5 Rc2 49. g5 Bd8 50. Rf6 Rc5 51. Ke4 Ke8 52. Rf5 Rc2 53. Rxe5+ Kd7 1-0